[Event "DSJ Weihnachtsturnier U16: Lasker 2020"]
[Site ""]
[Date "2020.12.28"]
[Round "7"]
[White "Stankovic, David"]
[Black "Pavlov, Liliane"]
[Result "0-1"]
[Termination "normal"]
[Board "9.4"]
[WhiteElo "1314"]
[BlackElo "1740"]
[WhiteTeam "OSG Baden-Baden 2"]
[BlackTeam "SC Bavaria Regensburg von 1881"]
[PlyCount "46"]
[WhiteFideId "16240685"]
[BlackFideId "16225449"]
[EventRounds "7"]
[EventType "team-swiss"]
[EventDate "2020.12.28"]

1. e4 {[%emt 0:00:44]} c5 {[%emt 0:00:09]} 2. c3 {[%emt 0:00:02]} Nf6 {[%emt
0:00:03]} 3. d3 {[%emt 0:00:02]} e5 {[%emt 0:00:08]} 4. Nf3 {[%emt 0:00:04]} d6
{ [%emt 0:00:01]} 5. Bg5 {[%emt 0:00:02]} Be7 {[%emt 0:00:02]} 6. Nbd2 {[%emt
0:00:02]} h6 {[%emt 0:00:01]} 7. Bh4 {[%emt 0:00:03]} Nbd7 {[%emt 0:00:07]} 8.
Qb3 {[%emt 0:00:07]} Nb6 {[%emt 0:00:13]} 9. Nc4 {[%emt 0:00:07]} Be6 {[%emt
0:00:12]} 10. Qb5+ {[%emt 0:00:05]} Bd7 {[%emt 0:00:18]} 11. Qb3 {[%emt
0:00:02]} Nxc4 {[%emt 0:00:14]} 12. Qxc4 {[%emt 0:00:04]} b5 {[%emt 0:00:17]}
13. Qb3 { [%emt 0:00:04]} O-O {[%emt 0:00:09]} 14. Be2 {[%emt 0:00:03]} a5
{[%emt 0:00:03]} 15. O-O {[%emt 0:00:03]} a4 {[%emt 0:00:06]} 16. Qc2 {[%emt
0:00:01]} Rc8 {[%emt 0:00:03]} 17. Rac1 {[%emt 0:00:03]} b4 {[%emt 0:00:04]}
18. cxb4 { [%emt 0:00:02]} cxb4 {[%emt 0:00:04]} 19. Qd2 {[%emt 0:00:01]} Qb6
{[%emt 0:00:09]} 20. Bxf6 {[%emt 0:00:05]} Bxf6 {[%emt 0:00:04]} 21. Ne1 {[%emt
0:00:07]} Bg5 {[%emt 0:00:05]} 22. Qd1 {[%emt 0:00:11]} Rxc1 {[%emt 0:00:03]}
23. Qxa4 { [%emt 0:00:03]} Bxa4 {[%emt 0:00:03]} 0-1

[Event "DSJ Weihnachtsturnier U16: Lasker 2020"]
[Site ""]
[Date "2020.12.28"]
[Round "7"]
[White "Hetzner, Hannes"]
[Black "Sickmann, Lisa"]
[Result "0-1"]
[Termination "normal"]
[Board "10.1"]
[WhiteElo "1983"]
[BlackElo "1510"]
[WhiteTeam "SC Erlangen 48/88"]
[BlackTeam "Lübecker SV von 1873"]
[PlyCount "36"]
[WhiteFideId "16211936"]
[BlackFideId "16267818"]
[EventRounds "7"]
[EventType "team-swiss"]
[EventDate "2020.12.28"]

1. e4 {[%emt 0:00:21]} e5 {[%emt 0:00:02]} 2. Nf3 {[%emt 0:00:02]} Nc6 { [%emt
0:00:02]} 3. d4 {[%emt 0:00:03]} exd4 {[%emt 0:00:02]} 4. Nxd4 {[%emt 0:00:02]}
Nf6 {[%emt 0:00:02]} 5. Nxc6 {[%emt 0:00:05]} bxc6 {[%emt 0:00:06]} 6. e5
{[%emt 0:00:07]} Qe7 {[%emt 0:00:02]} 7. Qe2 {[%emt 0:00:04]} Nd5 {[%emt
0:00:02]} 8. c4 {[%emt 0:00:08]} Nb6 {[%emt 0:00:04]} 9. Nc3 {[%emt 0:00:10]}
g6 {[%emt 0:00:04]} 10. Ne4 {[%emt 0:00:29]} Bg7 {[%emt 0:00:16]} 11. Bg5 {
[%emt 0:00:29]} Qb4+ {[%emt 0:00:18]} 12. Bd2 {[%emt 0:01:11]} Qxb2 {[%emt
0:00:15]} 13. Nf6+ {[%emt 0:00:04]} Kf8 {[%emt 0:01:34]} 14. Rd1 {[%emt
0:00:24]} Ba6 {[%emt 0:01:02]} 15. Qe3 {[%emt 0:01:30]} Bxf6 {[%emt 0:00:20]}
16. Bc3 { [%emt 0:00:21]} Qa3 {[%emt 0:00:19]} 17. Rb1 {[%emt 0:00:32]} Be7
{[%emt 0:01:06]} 18. e6 {[%emt 0:00:18]} f6 {[%emt 0:00:10]} 0-1

[Event "DSJ Weihnachtsturnier U16: Lasker 2020"]
[Site ""]
[Date "2020.12.28"]
[Round "7"]
[White "Gossing, Marie-Sophie"]
[Black "Zeltner, Richard"]
[Result "0-1"]
[Termination "normal"]
[Board "10.2"]
[WhiteElo "1269"]
[BlackElo "1599"]
[WhiteTeam "Lübecker SV von 1873"]
[BlackTeam "SC Erlangen 48/88"]
[PlyCount "60"]
[WhiteFideId "16217284"]
[BlackFideId "12972703"]
[EventRounds "7"]
[EventType "team-swiss"]
[EventDate "2020.12.28"]

1. e4 {[%emt 0:00:06]} g6 {[%emt 0:00:03]} 2. Nc3 {[%emt 0:00:06]} Bg7 { [%emt
0:00:04]} 3. b3 {[%emt 0:00:02]} d6 {[%emt 0:00:02]} 4. Bb2 {[%emt 0:00:02]}
Nc6 {[%emt 0:00:02]} 5. Bb5 {[%emt 0:00:07]} a6 {[%emt 0:00:05]} 6. Bxc6+
{[%emt 0:00:03]} bxc6 {[%emt 0:00:01]} 7. Nge2 {[%emt 0:00:06]} e5 {[%emt
0:00:02]} 8. O-O {[%emt 0:00:08]} f5 {[%emt 0:00:07]} 9. f3 {[%emt 0:00:14]}
Nf6 { [%emt 0:00:14]} 10. d4 {[%emt 0:00:05]} exd4 {[%emt 0:00:09]} 11. Nxd4 {
[%emt 0:00:04]} fxe4 {[%emt 0:00:12]} 12. Nxc6 {[%emt 0:00:22]} Qd7 {[%emt
0:00:10]} 13. Nd4 {[%emt 0:00:09]} exf3 {[%emt 0:00:13]} 14. Rxf3 {[%emt
0:00:15] } O-O {[%emt 0:00:03]} 15. Qd2 {[%emt 0:00:20]} Bb7 {[%emt 0:00:02]}
16. Rf2 { [%emt 0:00:15]} Rae8 {[%emt 0:00:04]} 17. Re1 {[%emt 0:00:26]} Rxe1+
{[%emt 0:00:28]} 18. Qxe1 {[%emt 0:00:04]} Re8 {[%emt 0:00:03]} 19. Qd2 {[%emt
0:00:10]} Ne4 {[%emt 0:00:29]} 20. Nxe4 {[%emt 0:00:06]} Rxe4 {[%emt 0:00:22]}
21. Bc3 { [%emt 0:00:22]} Qe7 {[%emt 0:00:46]} 22. a4 {[%emt 0:00:50]} c5
{[%emt 0:00:13] } 23. Nf3 {[%emt 0:00:14]} Bxc3 {[%emt 0:00:22]} 24. Qxc3
{[%emt 0:00:07]} Re3 {[%emt 0:00:06]} 25. Qc4+ {[%emt 0:00:25]} d5 {[%emt
0:00:44]} 26. Qf1 { [%emt 0:00:13]} d4 {[%emt 0:00:03]} 27. Qc4+ {[%emt
0:00:36]} Kg7 {[%emt 0:00:06]} 28. Ng5 {[%emt 0:00:17]} Re1+ {[%emt 0:00:08]}
29. Rf1 {[%emt 0:00:10]} Rxf1+ {[%emt 0:00:02]} 30. Qxf1 {[%emt 0:00:23]} Qxg5
{[%emt 0:00:02]} 0-1

[Event "DSJ Weihnachtsturnier U16: Lasker 2020"]
[Site ""]
[Date "2020.12.28"]
[Round "7"]
[White "Isbilir, Levin"]
[Black "Hellenbroich, Helene"]
[Result "1-0"]
[Termination "normal"]
[Board "10.3"]
[WhiteElo "1325"]
[BlackElo "1358"]
[WhiteTeam "SC Erlangen 48/88"]
[BlackTeam "Lübecker SV von 1873"]
[PlyCount "43"]
[WhiteFideId "16267192"]
[BlackFideId "16270754"]
[EventRounds "7"]
[EventType "team-swiss"]
[EventDate "2020.12.28"]

1. e4 {[%emt 0:00:08]} e6 {[%emt 0:00:04]} 2. d4 {[%emt 0:00:02]} d5 {[%emt
0:00:02]} 3. e5 {[%emt 0:00:01]} c5 {[%emt 0:00:02]} 4. c3 {[%emt 0:00:01]} Nc6
{ [%emt 0:00:01]} 5. Nf3 {[%emt 0:00:01]} Qb6 {[%emt 0:00:02]} 6. Be2 {[%emt
0:00:01]} Bd7 {[%emt 0:00:16]} 7. O-O {[%emt 0:00:03]} Nge7 {[%emt 0:00:19]} 8.
Na3 {[%emt 0:00:03]} Nf5 {[%emt 0:00:04]} 9. dxc5 {[%emt 0:00:18]} Bxc5 { [%emt
0:00:11]} 10. Nc2 {[%emt 0:00:02]} O-O {[%emt 0:00:43]} 11. Bd3 {[%emt
0:00:16]} Nce7 {[%emt 0:00:14]} 12. b4 {[%emt 0:00:17]} Bd6 {[%emt 0:00:29]}
13. exd6 {[%emt 0:00:07]} Qxd6 {[%emt 0:00:02]} 14. g4 {[%emt 0:00:18]} Nh6 {
[%emt 0:00:12]} 15. Bxh6 {[%emt 0:00:04]} gxh6 {[%emt 0:00:02]} 16. Qd2 { [%emt
0:00:19]} Kg7 {[%emt 0:00:29]} 17. Kh1 {[%emt 0:00:34]} Rg8 {[%emt 0:00:09]}
18. Rg1 {[%emt 0:00:23]} Kh8 {[%emt 0:00:05]} 19. Qxh6 {[%emt 0:00:45]} Rg7
{[%emt 0:00:08]} 20. Ng5 {[%emt 0:00:16]} Rf8 {[%emt 0:00:33]} 21. Nxh7 { [%emt
0:00:31]} Kg8 {[%emt 0:00:08]} 22. Nf6# {[%emt 0:00:03]} 1-0

[Event "DSJ Weihnachtsturnier U16: Lasker 2020"]
[Site ""]
[Date "2020.12.28"]
[Round "7"]
[White "Maas, Kolja"]
[Black "Pougin, Elias"]
[Result "0-1"]
[Termination "normal"]
[Board "11.1"]
[WhiteElo "1559"]
[BlackElo "1838"]
[WhiteTeam "Lübecker SV von 1873 2"]
[BlackTeam "Schachfreunde Gern"]
[PlyCount "91"]
[WhiteFideId "16220420"]
[BlackFideId "16263251"]
[EventRounds "7"]
[EventType "team-swiss"]
[EventDate "2020.12.28"]

1. e4 {[%emt 0:00:08]} c5 {[%emt 0:00:15]} 2. Nf3 {[%emt 0:00:04]} d6 {[%emt
0:00:04]} 3. d4 {[%emt 0:00:15]} cxd4 {[%emt 0:00:01]} 4. Nxd4 {[%emt 0:00:00]}
Nf6 {[%emt 0:00:01]} 5. Nc3 {[%emt 0:00:01]} a6 {[%emt 0:00:01]} 6. Bg5 { [%emt
0:00:01]} e6 {[%emt 0:00:01]} 7. Bd3 {[%emt 0:00:01]} Be7 {[%emt 0:00:08] } 8.
O-O {[%emt 0:00:03]} Nbd7 {[%emt 0:00:05]} 9. Re1 {[%emt 0:00:03]} O-O { [%emt
0:00:02]} 10. Qe2 {[%emt 0:00:15]} Ne5 {[%emt 0:00:03]} 11. f4 {[%emt 0:00:04]}
Nxd3 {[%emt 0:00:01]} 12. cxd3 {[%emt 0:00:00]} Qb6 {[%emt 0:00:42]} 13. Qf2
{[%emt 0:00:12]} e5 {[%emt 0:00:02]} 14. fxe5 {[%emt 0:00:12]} dxe5 { [%emt
0:00:03]} 15. Nf5 {[%emt 0:00:05]} Qxf2+ {[%emt 0:00:05]} 16. Kxf2 { [%emt
0:00:00]} Ng4+ {[%emt 0:00:10]} 17. Kg3 {[%emt 0:00:13]} Bxg5 {[%emt 0:00:03]}
18. Kxg4 {[%emt 0:00:02]} Bd2 {[%emt 0:00:02]} 19. Re2 {[%emt 0:00:09]} Bxc3
{[%emt 0:00:01]} 20. bxc3 {[%emt 0:00:02]} g6 {[%emt 0:00:01]} 21. h4 { [%emt
0:00:10]} gxf5+ {[%emt 0:00:06]} 22. exf5 {[%emt 0:00:00]} f6 {[%emt 0:00:06]}
23. Rb1 {[%emt 0:00:10]} b5 {[%emt 0:00:10]} 24. d4 {[%emt 0:00:14]} exd4
{[%emt 0:00:17]} 25. cxd4 {[%emt 0:00:00]} Bd7 {[%emt 0:00:41]} 26. Kf4 { [%emt
0:00:14]} Rfe8 {[%emt 0:00:24]} 27. Rc2 {[%emt 0:00:04]} Rac8 {[%emt 0:00:05]}
28. Rbc1 {[%emt 0:00:06]} Rxc2 {[%emt 0:00:02]} 29. Rxc2 {[%emt 0:00:00]} Rc8
{[%emt 0:00:01]} 30. Rxc8+ {[%emt 0:00:13]} Bxc8 {[%emt 0:00:01]} 31. g4 {[%emt
0:00:01]} h6 {[%emt 0:00:08]} 32. Ke4 {[%emt 0:00:08]} Bb7+ {[%emt 0:00:43]}
33. d5 {[%emt 0:00:02]} Kf7 {[%emt 0:00:01]} 34. Kd4 {[%emt 0:00:02]} Ke7
{[%emt 0:00:01]} 35. Kc5 {[%emt 0:00:01]} Kd7 {[%emt 0:00:01]} 36. a3 { [%emt
0:00:03]} Kc7 {[%emt 0:00:31]} 37. g5 {[%emt 0:00:36]} hxg5 {[%emt 0:00:15]}
38. h5 {[%emt 0:00:01]} Bc8 {[%emt 0:00:15]} 39. d6+ {[%emt 0:00:03]} Kd8
{[%emt 0:00:45]} 40. Kb6 {[%emt 0:00:22]} Bxf5 {[%emt 0:00:02]} 41. Kxa6 {
[%emt 0:00:00]} g4 {[%emt 0:00:14]} 42. Kxb5 {[%emt 0:00:02]} g3 {[%emt
0:00:01]} 43. a4 {[%emt 0:00:00]} g2 {[%emt 0:00:01]} 44. a5 {[%emt 0:00:00]}
g1=Q { [%emt 0:00:01]} 45. a6 {[%emt 0:00:00]} Bd3+ {[%emt 0:00:05]} 46. Kc6
{[%emt 0:00:02]} 0-1

[Event "DSJ Weihnachtsturnier U16: Lasker 2020"]
[Site ""]
[Date "2020.12.28"]
[Round "7"]
[White "Ajdari, Ardian"]
[Black "Paulsen, Niels-Martin"]
[Result "0-1"]
[Termination "time forfeit"]
[Board "11.2"]
[WhiteElo "1560"]
[BlackElo "1588"]
[WhiteTeam "Schachfreunde Gern"]
[BlackTeam "Lübecker SV von 1873 2"]
[PlyCount "74"]
[WhiteFideId "34603662"]
[BlackFideId "16214994"]
[EventRounds "7"]
[EventType "team-swiss"]
[EventDate "2020.12.28"]

1. e4 {[%emt 0:01:49]} c5 {[%emt 0:00:03]} 2. Nf3 {[%emt 0:00:03]} Nc6 { [%emt
0:00:03]} 3. Bb5 {[%emt 0:00:03]} e6 {[%emt 0:00:09]} 4. O-O {[%emt 0:00:07]}
Nge7 {[%emt 0:00:09]} 5. c3 {[%emt 0:00:12]} d5 {[%emt 0:00:06]} 6. exd5 {
[%emt 0:01:00]} Nxd5 {[%emt 0:00:14]} 7. d4 {[%emt 0:00:06]} cxd4 {[%emt
0:00:13]} 8. Nxd4 {[%emt 0:00:06]} Bd7 {[%emt 0:00:12]} 9. Re1 {[%emt 0:00:07]}
Be7 {[%emt 0:00:14]} 10. Nf5 {[%emt 0:00:24]} exf5 {[%emt 0:00:50]} 11. Qxd5 {
[%emt 0:00:04]} O-O {[%emt 0:00:08]} 12. Bf4 {[%emt 0:00:27]} Re8 {[%emt
0:00:19]} 13. Nd2 {[%emt 0:00:10]} Be6 {[%emt 0:00:16]} 14. Qxd8 {[%emt
0:00:15]} Raxd8 {[%emt 0:00:07]} 15. Nf3 {[%emt 0:00:22]} a6 {[%emt 0:00:19]}
16. Bxc6 { [%emt 0:00:07]} bxc6 {[%emt 0:00:04]} 17. Nd4 {[%emt 0:00:01]} g5
{[%emt 0:00:35]} 18. Bc7 {[%emt 0:02:27]} Rd7 {[%emt 0:00:33]} 19. Ba5 {[%emt
0:00:08]} Rd6 {[%emt 0:00:42]} 20. Bb4 {[%emt 0:00:02]} Rxd4 {[%emt 0:01:30]}
21. Bxe7 { [%emt 0:00:02]} Rd2 {[%emt 0:00:15]} 22. Bxg5 {[%emt 0:00:10]} Rxb2
{[%emt 0:00:03]} 23. Bf6 {[%emt 0:00:03]} Rc2 {[%emt 0:00:15]} 24. a4 {[%emt
0:00:30]} h6 {[%emt 0:00:19]} 25. h4 {[%emt 0:00:23]} Kh7 {[%emt 0:00:05]} 26.
h5 { [%emt 0:00:04]} Rg8 {[%emt 0:00:25]} 27. Rec1 {[%emt 0:00:46]} Rxc1+
{[%emt 0:00:07]} 28. Rxc1 {[%emt 0:00:02]} Bd5 {[%emt 0:00:05]} 29. g3 {[%emt
0:00:01]} f4 {[%emt 0:00:05]} 30. Kh2 {[%emt 0:00:16]} fxg3+ {[%emt 0:00:04]}
31. fxg3 { [%emt 0:00:01]} Bf3 {[%emt 0:00:01]} 32. Rb1 {[%emt 0:00:09]} Bxh5
{[%emt 0:00:04]} 33. Rb6 {[%emt 0:00:01]} Bf3 {[%emt 0:00:06]} 34. Rxa6 {[%emt
0:00:02]} Kg6 {[%emt 0:00:09]} 35. Bd4 {[%emt 0:00:19]} Re8 {[%emt 0:00:11]}
36. Rb6 { [%emt 0:00:14]} Re2+ {[%emt 0:00:02]} 37. Kh3 {[%emt 0:00:03]} Kg5
{[%emt 0:00:13] TimeW} 0-1

[Event "DSJ Weihnachtsturnier U16: Lasker 2020"]
[Site ""]
[Date "2020.12.28"]
[Round "7"]
[White "Somsoor, Yousif"]
[Black "Rosin, Thore"]
[Result "1-0"]
[Termination "normal"]
[Board "11.4"]
[WhiteElo "1151"]
[BlackElo "1517"]
[WhiteTeam "Schachfreunde Gern"]
[BlackTeam "Lübecker SV von 1873 2"]
[PlyCount "65"]
[BlackFideId "16215311"]
[EventRounds "7"]
[EventType "team-swiss"]
[EventDate "2020.12.28"]

1. d4 {[%emt 0:03:47]} c6 {[%emt 0:02:04]} 2. c4 { [%emt 0:00:02] SF-Gern1-004
received Ill MvData=1. c7-c6 (12371cs)} d5 { [%emt 0:00:04] SF-Gern1-004
kibitzing!?} 3. Nc3 {[%emt 0:00:22]} Bf5 {[%emt 0:00:19] SF-Gern1-004
kibitzing!?} 4. Qb3 {[%emt 0:00:03]} e6 {[%emt 0:00:13]} 5. Qxb7 {[%emt
0:00:03] SF-Gern1-004 received Ill MvData=7. e7-e6 (1302cs)} Nd7 { [%emt
0:00:27]} 6. Qxc6 {[%emt 0:00:02] SF-Gern1-004 received Ill MvData=9. b8-d7
(2702cs)} Rc8 {[%emt 0:00:09] SF-Gern1-004 kibitzing!?} 7. Qa4 {[%emt 0:00:33]}
Rxc4 {[%emt 0:00:06] SF-Gern1-004 kibitzing!?} 8. Qxa7 {[%emt 0:00:05]} Rxd4
{[%emt 0:00:08] SF-Gern1-004 kibitzing!?} 9. Qxd4 {[%emt 0:00:04]} Bb4 { [%emt
0:00:12] SF-Gern1-004 kibitzing!?} 10. Qxg7 {[%emt 0:00:15]} Bxc3+ { [%emt
0:00:11] SF-Gern1-004 kibitzing!?} 11. Qxc3 {[%emt 0:00:04]} Ngf6 { [%emt
0:00:06]} 12. Bg5 {[%emt 0:00:02] SF-Gern1-004 received Ill MvData=21. g8-f6
(619cs)} Rg8 {[%emt 0:00:39] SF-Gern1-004 kibitzing!?} 13. Bxf6 {[%emt
0:00:05]} Nxf6 {[%emt 0:00:04] SF-Gern1-004 kibitzing!?} 14. Nf3 {[%emt
0:00:06]} Ne4 {[%emt 0:00:07] SF-Gern1-004 kibitzing!?} 15. Qc6+ {[%emt
0:00:10]} Kf8 { [%emt 0:00:05] SF-Gern1-004 kibitzing!?} 16. e3 {[%emt
0:00:06]} Qa5+ {[%emt 0:00:09] SF-Gern1-004 kibitzing!?} 17. Ke2 {[%emt
0:00:17]} Bg4 {[%emt 0:00:18] SF-Gern1-004 kibitzing!?} 18. Rd1 {[%emt
0:00:11]} Qa6+ {[%emt 0:00:13] SF-Gern1-004 kibitzing!?} 19. Qxa6 {[%emt
0:00:11]} Bxf3+ {[%emt 0:00:05]} 20. Kxf3 {[%emt 0:00:03] SF-Gern1-004 received
Ill MvData=37. g4-f3 (458cs)} Ng5+ { [%emt 0:00:08] SF-Gern1-004 kibitzing!?}
21. Kf4 {[%emt 0:00:11]} Ne4 {[%emt 0:00:12] SF-Gern1-004 kibitzing!?} 22. Ke5
{[%emt 0:00:08]} Rg5+ {[%emt 0:00:03] SF-Gern1-004 kibitzing!?} 23. Kf4 {[%emt
0:00:05]} Rf5+ {[%emt 0:00:03]} 24. Kg4 {[%emt 0:00:02]} Rg5+ {[%emt 0:00:02]
SF-Gern1-004 received Ill MvData=45. g5-f5 (347cs)} 25. Kf3 {[%emt 0:00:06]
SF-Gern1-004 received Ill MvData=47. f5-g5 (162cs)} Rf5+ {[%emt 0:00:10]
SF-Gern1-004 kibitzing!?} 26. Ke2 {[%emt 0:00:08]} Rxf2+ {[%emt 0:00:01]} 27.
Kd3 {[%emt 0:00:03] SF-Gern1-004 received Ill MvData=51. f5-f2 (115cs)} Nc5+
{[%emt 0:00:05]} 28. Kc3 {[%emt 0:00:01]} Nxa6 {[%emt 0:00:02] SF-Gern1-004
received Ill MvData=53. e4-c5 (538cs)} 29. Bxa6 {[%emt 0:00:02] SF-Gern1-004
received Ill MvData=55. c5-a6 (193cs)} d4+ { [%emt 0:00:06]} 30. exd4 {[%emt
0:00:01] SF-Gern1-004 received Ill MvData=57. d5-d4 (567cs)} Re2 {[%emt
0:00:02] SF-Gern1-004 kibitzing!?} 31. Rhf1 {[%emt 0:00:05]} Re3+ {[%emt
0:00:02]} 32. Kc2 {[%emt 0:00:02] SF-Gern1-004 received Ill MvData=61. e2-e3
(230cs)} Re2+ {[%emt 0:00:02]} 33. Bxe2 {[%emt 0:00:02] SF-Gern1-004 received
Ill MvData=63. e3-e2 (173cs) SF-Gern1-004 reconnected. SF-Gern1-004
reconnected. SF-Gern1-004 reconnected. Arbiter Decision (Adjudicated by
Martin_Fischer, Muss auch mal Schluß sein), result=2} 1-0

[Event "DSJ Weihnachtsturnier U16: Lasker 2020"]
[Site ""]
[Date "2020.12.28"]
[Round "7"]
[White "Winkler, Yonathan"]
[Black "Dittenberger, Nico"]
[Result "1-0"]
[Termination "normal"]
[Board "12.1"]
[WhiteElo "1720"]
[BlackElo "1419"]
[WhiteTeam "Bielefelder Schachklub von 1883"]
[BlackTeam "SC Landskrone"]
[PlyCount "33"]
[WhiteFideId "16266080"]
[BlackFideId "12996254"]
[EventRounds "7"]
[EventType "team-swiss"]
[EventDate "2020.12.28"]

1. e4 {[%emt 0:00:06]} e5 {[%emt 0:00:03]} 2. Nf3 {[%emt 0:00:03]} Nc6 { [%emt
0:00:02]} 3. Nc3 {[%emt 0:00:01]} Bc5 {[%emt 0:00:03]} 4. Nxe5 {[%emt 0:00:06]}
Nxe5 {[%emt 0:00:03]} 5. d4 {[%emt 0:00:02]} Bb6 {[%emt 0:00:04]} 6. dxe5
{[%emt 0:00:01]} Qe7 {[%emt 0:00:08]} 7. Bf4 {[%emt 0:00:09]} f6 {[%emt
0:00:03]} 8. Nd5 {[%emt 0:00:04]} Qc5 {[%emt 0:00:09]} 9. Be3 {[%emt 0:00:05]}
Qa5+ {[%emt 0:00:04]} 10. b4 {[%emt 0:00:08]} Qa4 {[%emt 0:00:04]} 11. Bxb6 {
[%emt 0:00:05]} axb6 {[%emt 0:00:03]} 12. Nxc7+ {[%emt 0:00:03]} Kf7 {[%emt
0:00:32]} 13. Bc4+ {[%emt 0:00:09]} Kg6 {[%emt 0:00:06]} 14. Qg4+ {[%emt
0:00:33] } Kh6 {[%emt 0:00:00]} 15. Be2 {[%emt 0:00:17]} g5 {[%emt 0:00:16]}
16. Qh5+ { [%emt 0:00:27]} Kg7 {[%emt 0:00:03]} 17. Nxa8 {[%emt 0:00:20]} 1-0

[Event "DSJ Weihnachtsturnier U16: Lasker 2020"]
[Site ""]
[Date "2020.12.28"]
[Round "7"]
[White "Behr, Julian"]
[Black "Borgstädt, Leif Jona"]
[Result "1-0"]
[Termination "time forfeit"]
[Board "12.2"]
[WhiteElo "1623"]
[BlackElo "1376"]
[WhiteTeam "SC Landskrone"]
[BlackTeam "Bielefelder Schachklub von 1883"]
[PlyCount "83"]
[WhiteFideId "16255410"]
[BlackFideId "16266153"]
[EventRounds "7"]
[EventType "team-swiss"]
[EventDate "2020.12.28"]

1. e4 {[%emt 0:00:51] Bielefd1-002 reconnected.} e5 {[%emt 0:00:12]} 2. Nf3
{[%emt 0:00:04]} Nf6 {[%emt 0:00:12]} 3. Nc3 {[%emt 0:00:03]} Nc6 {[%emt
0:00:08] Landskr2-002 reconnected.} 4. Bc4 {[%emt 0:00:27]} Nxe4 {[%emt
0:00:04]} 5. Nxe4 {[%emt 0:00:03]} d5 {[%emt 0:00:02]} 6. Bd3 { [%emt 0:00:03]}
dxe4 {[%emt 0:00:07]} 7. Bxe4 {[%emt 0:00:00]} Bg4 {[%emt 0:00:03]} 8. h3
{[%emt 0:00:03]} Bxf3 {[%emt 0:00:04]} 9. Bxf3 {[%emt 0:00:03]} Qd7 {[%emt
0:00:04]} 10. Qe2 {[%emt 0:00:06]} Bd6 {[%emt 0:00:03]} 11. O-O { [%emt
0:00:33]} O-O {[%emt 0:00:07]} 12. d3 {[%emt 0:00:25]} Nd4 {[%emt 0:00:03]} 13.
Qd1 {[%emt 0:00:02]} Qf5 {[%emt 0:00:04]} 14. Be4 {[%emt 0:00:09]} Qf6 {[%emt
0:00:05] Landskr2-002 reconnected.} 15. Bxb7 {[%emt 0:00:32]} Rab8 { [%emt
0:00:04] Landskr2-002 reconnected.} 16. Be4 {[%emt 0:00:22] Landskr2-002
reconnected.} Rb5 {[%emt 0:00:19]} 17. Qh5 {[%emt 0:00:13] Landskr2-002
reconnected.} g6 {[%emt 0:00:22] Landskr2-002 reconnected.} 18. Qd1 {[%emt
0:00:34]} Rc5 {[%emt 0:00:44]} 19. c3 {[%emt 0:00:18] Landskr2-002
reconnected.} Ne6 {[%emt 0:00:17]} 20. Be3 {[%emt 0:00:12]} Ra5 {[%emt
0:00:09]} 21. b4 { [%emt 0:00:18]} Ra6 {[%emt 0:00:14] Landskr2-002
reconnected.} 22. Bb7 { [%emt 0:00:25]} Ra3 {[%emt 0:00:31]} 23. Qc1 {[%emt
0:00:13]} Ra4 {[%emt 0:00:27] Landskr2-002 reconnected.} 24. Qc2 {[%emt
0:00:08]} Rxb4 {[%emt 0:02:19] Landskr2-002 reconnected.} 25. cxb4 {[%emt
0:00:14] Landskr2-002 reconnected.} Nf4 {[%emt 0:00:28]} 26. Bxf4 {[%emt
0:00:11]} Qxf4 {[%emt 0:00:07] Landskr2-002 reconnected.} 27. a3 {[%emt
0:00:38]} e4 {[%emt 0:00:18]} 28. g3 { [%emt 0:00:06]} exd3 {[%emt 0:00:21]
Landskr2-002 reconnected.} 29. Qxd3 { [%emt 0:00:41]} Qg5 {[%emt 0:00:19]} 30.
Bg2 {[%emt 0:00:11]} Rd8 {[%emt 0:00:11] Landskr2-002 reconnected.} 31. Qb3
{[%emt 0:00:24]} Be5 {[%emt 0:00:07]} 32. Rad1 {[%emt 0:00:08]} Qf6 {[%emt
0:00:11]} 33. Rxd8+ {[%emt 0:00:09]} Qxd8 {[%emt 0:00:02]} 34. Rd1 {[%emt
0:00:03]} Qe7 {[%emt 0:00:05]} 35. Qd5 { [%emt 0:00:18]} Bf6 {[%emt 0:00:26]}
36. Qa8+ {[%emt 0:00:09]} Kg7 {[%emt 0:00:03]} 37. Qxa7 {[%emt 0:00:04]} Qe2
{[%emt 0:00:08]} 38. Rf1 {[%emt 0:00:09]} Qd2 {[%emt 0:00:40] Landskr2-002
reconnected.} 39. Qxc7 {[%emt 0:00:20] Landskr2-002 kibitzing!?} Bd4 {[%emt
0:00:25] Landskr2-002 reconnected.} 40. Bd5 {[%emt 0:00:38]} Bxf2+ {[%emt
0:00:30]} 41. Rxf2 {[%emt 0:00:01]} Qe1+ { [%emt 0:00:02]} 42. Kg2 {[%emt
0:00:03] TimeB} 1-0